Bielorusko v systéme medzinárodných ekonomických vzťahov diplomová práca

Salvato in:
Dettagli Bibliografici
Autore principale: Tomaško, Michal
Ente Autore: Fakulta medzinárodných vzťahov EU. Katedra medzinárodných ekonomických vzťahov a hospodárskej diplomacie
Altri autori: Lipková, Ľudmila
Natura: Libro
Lingua:slovacco
Pubblicazione: Bratislava 2008
Tags: Aggiungi Tag
Nessun Tag, puoi essere il primo ad aggiungerne!!

MARC

LEADER 00000nam$a2200000$$$4500
001 0076038
005 20240201114923.0
041 0 |a slo 
044 |a SK 
245 1 0 |a Bielorusko v systéme medzinárodných ekonomických vzťahov  |b diplomová práca  |c Michal Tomaško ; škol. Ľudmila Lipková 
264 1 |a Bratislava  |c 2008 
300 |a 104 s. 
100 1 |a Tomaško, Michal 
700 1 |a Lipková, Ľudmila 
710 2 |a Fakulta medzinárodných vzťahov EU. Katedra medzinárodných ekonomických vzťahov a hospodárskej diplomacie